|
|
|
|
| LEADER |
00000nmm0a2200000 4500 |
| 001 |
304387 |
| 005 |
20231102001709.0 |
| 010 |
|
|
|a 9785883373946
|
| 035 |
|
|
|a (RuTPU)RU\TPU\book\329634
|
| 035 |
|
|
|a RU\TPU\book\139352
|
| 090 |
|
|
|a 304387
|
| 100 |
|
|
|a 20080114d2015 m y0rusy50 ca
|
| 101 |
0 |
|
|a rus
|
| 102 |
|
|
|a RU
|
| 105 |
|
|
|a y j 000zy
|
| 200 |
1 |
|
|a Корректировочный курс фонетики русского языка
|f Н. Б. Караванова
|
| 205 |
|
|
|a 4-е изд., стер.
|
| 210 |
|
|
|a Москва
|c Русский язык. Курсы
|d 2015
|
| 215 |
|
|
|a 72 с.
|e CD-ROM
|
| 330 |
|
|
|a Пособие представляет собой корректировочный курс русской фонетики и предназначено для работы с учащимися разных национальностей на начальном и среднем этапах обучения. Цель пособия — минимизация акцента учащихся на уровне звуков, ритмики слова, интонации. Автором предлагается система упражнений, позволяющая решить эту задачу. Особое место в пособии занимают русские пословицы и поговорки (более 100), которые не только несут страноведческую информацию, но и позволяют лучше закрепить произносительные нормы русского языка. В курсе также представлены фонетические диктанты, помогающие снять трудности в восприятии русской речи. Упражнения и диктанты записаны на диск.
|
| 606 |
1 |
|
|a Русский язык
|x Для других народов
|x Учебные руководства и пособия
|2 stltpush
|3 (RuTPU)RU\TPU\subj\26400
|9 50340
|
| 606 |
1 |
|
|a Русский язык
|x Учебные руководства и пособия для высшей школы
|x Пособия по фонетике
|2 stltpush
|3 (RuTPU)RU\TPU\subj\74678
|9 86768
|
| 610 |
1 |
|
|a фонетика
|
| 610 |
1 |
|
|a упражнения
|
| 610 |
1 |
|
|a корректировки
|
| 610 |
1 |
|
|a звуки
|
| 610 |
1 |
|
|a интонация
|
| 610 |
1 |
|
|a ритмика
|
| 610 |
1 |
|
|a CD-ROM курс
|
| 610 |
1 |
|
|a русский для иностранцев
|
| 610 |
1 |
|
|a русский как иностранный
|
| 686 |
|
|
|a Ш141.2-96
|v LBC/SL-A
|2 rubbk
|
| 686 |
|
|
|a Ш141.2-923.1
|v LBC/SL-A
|2 rubbk
|
| 700 |
|
1 |
|a Караванова
|b Н. Б.
|g Наталья Борисовна
|
| 801 |
|
1 |
|a RU
|b 63413507
|c 20150914
|
| 801 |
|
2 |
|a RU
|b 63413507
|c 20160114
|g RCR
|
| 900 |
|
|
|a Русский язык как иностранный
|
| 942 |
|
|
|c MX
|
| 959 |
|
|
|a 116/20150914
|d 5
|e 0
|